MS-Windows 3.0. Příručka programátora I.,II. Příručka uživatele I.,II

Salvato in:
Dettagli Bibliografici
Natura: Libro
Lingua:ceco
Pubblicazione: Slušovice : Softwarové noviny, 1991
Edizione:1. vyd.
Tags: Aggiungi Tag
Nessun Tag, puoi essere il primo ad aggiungerne!!

MARC

LEADER 00000nam a22000003a 4500
001 stu31392
005 20150408181049.2
008 931025s1991----xr------------------cze-d
040 |a STU  |b slo 
041 0 |a cze 
044 |a xr 
080 |a 681.3.066 
245 |a MS-Windows 3.0. Příručka programátora I.,II. Příručka uživatele I.,II 
250 |a 1. vyd. 
260 |a Slušovice :  |b Softwarové noviny,  |c 1991 
300 |a 702,448 s 
996 |b J88035  |c J*88035  |l JJK3  |s P  |a 0  |w stu31392_0001 
996 |b J88036  |c J*88036  |l JJK3  |s P  |a 0  |w stu31392_0002 
996 |b J88038  |c J*88038  |l JJK3  |s P  |a 0  |w stu31392_0003 
996 |b J88039  |c J*88039  |l JJK3  |s P  |a 0  |w stu31392_0004 
996 |b J88040  |c J*88040  |l JJK3  |s P  |a 0  |w stu31392_0005 
996 |b J88041  |c J*88041  |l JJK3  |s P  |a 0  |w stu31392_0006 
996 |b J88042  |c J*88042  |l JJK3  |s P  |a 0  |w stu31392_0007 
996 |b J88037  |c J*88037  |l JJK3  |s P  |a 0  |w stu31392_0008